Chargement en cours…

Tango sans frontières /

Vous regardez les danseurs evoluer sur la piste, fascines par les motifs que tracent agilement leurs pieds sur le sol. Puis, votre regard remonte lentement leurs corps enlaces et penetre, pour quelques moments, leur intimite. Au-delà des costumes flamboyants et des pas de danse, vous comprenez que...

Description complète

Détails bibliographiques
Autres auteurs: Joyal, France, 1958-
Format: Électronique eBook
Langue:Francés
Publié: Quebec : Presses de l'Universite du Quebec, 2010.
Collection:Book collections on Project MUSE.
Sujets:
Accès en ligne:Texto completo

MARC

LEADER 00000cam a22000004a 4500
001 musev2_20166
003 MdBmJHUP
005 20230905042146.0
006 m o d
007 cr||||||||nn|n
008 101122s2010 quc o 00 0 fre d
020 |a 9782760525429 
020 |z 9782760525412 
035 |a (OCoLC)682540396 
040 |a MdBmJHUP  |c MdBmJHUP 
245 0 0 |a Tango sans frontières /   |c Sous la direction de France Joyal ; preface de Fabrice Hatem. 
264 1 |a Quebec :  |b Presses de l'Universite du Quebec,  |c 2010. 
264 3 |a Baltimore, Md. :  |b Project MUSE,   |c 2013 
264 4 |c ©2010. 
300 |a 1 online resource (192 pages). 
336 |a text  |b txt  |2 rdacontent 
337 |a computer  |b c  |2 rdamedia 
338 |a online resource  |b cr  |2 rdacarrier 
505 0 0 |t Introduction --  |g Partie 1.  |t Tango et histoire --  |t El ocho /  |r Nellie Roffe --  |t Le tango : du mythe à la decadence /  |r Denis Plante --  |t Le tango à la mode : une expression centenaire de son identite adaptative /  |r Geoffrey Edwards et France Joyal --  |g Partie 2.  |t Tango et sante --  |t Finale /  |r Nellie Roffe --  |t Reflexion sur la tango-therapie, ses fondements, ses applications /  |r Federico Trossero --  |t Tango, sante et contrôle social en France dans la premiere moitie du XXe siecle /  |r Sophie Jacotot --  |g Partie 3.  |t Tango et individualite --  |t Vers le Sud /  |r Nellie Roffe --  |t Des nuits à danser : passion ou decentrement? /  |r Christophe Apprill --  |t La vulnerabilite : la trace de la seduction dans le film 'La Leçon de tango' de Sally Potter /  |r Suzana Raluca Burlea --  |g Partie 4.  |t Tango et alterite --  |t Tango uno /  |r Nellie Roffe --  |t Parler tango : quelques considerations methodologiques autour d'un phenomene metaphorique /  |r France Joyal --  |t Le dialogue sensoriel entre partenaires de danse /  |r Sylvain LaFortune. 
520 |a Vous regardez les danseurs evoluer sur la piste, fascines par les motifs que tracent agilement leurs pieds sur le sol. Puis, votre regard remonte lentement leurs corps enlaces et penetre, pour quelques moments, leur intimite. Au-delà des costumes flamboyants et des pas de danse, vous comprenez que le tango cache en lui les delicats mecanismes des rapports humains. C'est egalement ce qu'a compris France Joyal en initiant, il y a trois ans, un cycle de colloques et de publications universitaires sur le tango. Poursuivant le travail accompli dans Tango, corps à corps culturel (2009), elle met ici à contribution les expertises scientifiques et professionnelles de chercheurs d'origines diverses--française, argentine, roumaine et quebecoise--et de domaines varies--psychologie, geomatique cognitive, musique, psychiatrie, histoire, litterature, sociologie, danse et education artistique. Ensemble, ils offrent un panorama du tango, de ses fondements, de son caractere improvise, de ses incidences sur le mieux-être de l'individu et de son extraordinaire potentiel metaphorique. Les chercheurs de tous les domaines, les intervenants en sante, de même que les professeurs, danseurs et amateurs de tango, se sentiront interpelles par cet ouvrage qui marque les premisses de la "tangologie", d'une science du tango. Assurement, le tango n'a pas de frontieres. 
588 |a Description based on print version record. 
650 7 |a Tango (Dance)  |x Social aspects.  |2 fast  |0 (OCoLC)fst01142645 
650 7 |a Tango (Dance)  |2 fast  |0 (OCoLC)fst01142640 
650 7 |a PERFORMING ARTS  |x Dance  |x Popular.  |2 bisacsh 
650 7 |a PERFORMING ARTS  |x Dance  |x Jazz.  |2 bisacsh 
650 6 |a Tango  |x Emploi en therapeutique  |v Congres. 
650 6 |a Tango  |x Aspect social  |v Congres. 
650 6 |a Tango  |v Congres. 
650 0 |a Tango (Dance)  |x Therapeutic use  |v Congresses. 
650 0 |a Tango (Dance)  |x Social aspects  |v Congresses. 
650 0 |a Tango (Dance)  |v Congresses. 
655 7 |a Conference papers and proceedings.  |2 fast  |0 (OCoLC)fst01423772 
655 7 |a Electronic books.   |2 local 
700 1 |a Joyal, France,  |d 1958- 
710 2 |a Project Muse.  |e distributor 
830 0 |a Book collections on Project MUSE. 
856 4 0 |z Texto completo  |u https://projectmuse.uam.elogim.com/book/20166/ 
945 |a Project MUSE - Custom Collection 
945 |a Project MUSE - Archive Film, Theater and Performing Arts Supplement 
945 |a Project MUSE - Archive Complete Supplement